• 首页
  • 本馆介绍
  • 公告通知
  • 最新文献
  • 馆藏检索
  • 电子资源
  • 读者导购
  • 参考咨询
  • 我的图书馆
  • 登录
  • 详细信息显示
  • 放入我的书架
  • 预约/预借图书
  • 作者相关作品
  • 分类相关作品
  • 丛书相关作品
  • 出版社相关作品

书目信息

  • 表格格式
  • 工作单格式
  • 卡片格式
题名:
植物检疫方法与技术
    
 
作者: 洪霓 主编
分册:  
出版信息: 北京   化学工业出版社  2006
页数: 242页
开本: 26cm
丛书名: 农业生物技术系列
单 册:
中图分类: S41
科图分类:
主题词: 植物检疫--基本知识 , 植物检疫
电子资源:
ISBN: 7-5025-7928-1
000 00860oam2 2200265 450
001 012007232592
005 20070522163952.34
010    @a7-5025-7928-1@dCNY35.00
100    @a20070515d2006 km y0chiy0120 ea
101 0  @achi
102    @aCN@b110000
105    @aa z 000yy
106    @ar
200 1  @a植物检疫方法与技术@Azhi wu jian yi fang fa yu ji shu@f洪霓主编@Fhong ni zhu bian
210    @a北京@c化学工业出版社@d2006
215    @a242页@c图@d26cm
225 2  @a农业生物技术系列
330    @a本书内容包括:概述、植物检疫法规、植物检疫程序、植物检疫监督管理措施、植物检疫除害处理方法和技术、转基因植物及其产品的检测方法等。
461  0 @12001 @a农业生物技术系列
606 0  @a植物检疫@x基本知识
606 0  @a植物检疫
690    @aS41@v4
701  0 @a洪霓@Ahong ni@c(女,@f1964.5~)@4主编
801  0 @aCN@bRULIN@c20070522
905    @dS41@e59@s10
    
    植物检疫方法与技术/洪霓主编.-北京:化学工业出版社,2006
    242页:图;26cm.-(农业生物技术系列)
    
    
    ISBN 7-5025-7928-1:CNY35.00
    本书内容包括:概述、植物检疫法规、植物检疫程序、植物检疫监督管理措施、植物检疫除害处理方法和技术、转基因植物及其产品的检测方法等。
●
相关链接 在E读中查询图书 在五车中查询图书 在当当中查询图书 在豆瓣中查询图书


正题名:植物检疫方法与技术     索取号:S41/59         预约/预借

序号 登录号 条形码 馆藏地/架位号 状态 备注
1 0579291   205792917   第二样本阅览室/ [索取号:S41/59] 在馆    
2 0579292   205792926   第三借阅区/ [索取号:S41/59] 在馆    
3 0579293   205792935   教育系资料室/ [索取号:S41/59] 在馆    
4 0579294   205792944   教育系资料室/ [索取号:S41/59] 在馆    
5 0579295   205792953   教育系资料室/ [索取号:S41/59] 在馆    
6 0579296   205792962   教育系资料室/ [索取号:S41/59] 在馆    
7 0579297   205792971   教育系资料室/ [索取号:S41/59] 在馆    
8 0579298   205792980   第三借阅区/ [索取号:S41/59] 在馆    
9 0579299   205792999   第三借阅区/ [索取号:S41/59] 在馆    
10 0579300   205793006   第三借阅区/ [索取号:S41/59] 在馆    
唐山师范学院图书馆 欢迎您!
大连网信软件有限公司© 版权所有